| 000 | 00728nam a2200217 i 4500 | ||
|---|---|---|---|
| 001 | 64249 | ||
| 003 | ES-MaACL | ||
| 005 | 20250820124222.0 | ||
| 007 | t| | ||
| 008 | 031223s1982 sp ||||1| spa d | ||
| 100 | 1 |
_aFlores, Carlos. _951255 |
|
| 245 | 1 | 0 |
_aGaudí, Jujol y el modernismo catalán / _cCarlos Flores ; prólogo de George R. Collins. |
| 260 |
_a[Madrid] : _bAguilar, _c[1982] |
||
| 300 |
_a2 v., lám. : _bil. ; _c33 cm. |
||
| 600 | 1 | 4 |
_aGaudí, Antoni, _d1852-1926 _955994 |
| 600 | 1 | 7 |
_aJujol, Josep Maria, _d1879-1949 _2 _9164300 |
| 650 | 4 |
_aArquitectura modernista- _zCataluña. _9139391 |
|
| 700 | 1 |
_aCollins, George R. _939732 |
|
| 852 |
_aES-MaACL _jL-2627-28 _bR.103368 |
||
| 999 |
_c64249 _d64249 |
||